000 00633nam a2200217 a 4500
001 85043
003 BD-RjUL
005 20250624125736.0
008 170130s1963 nyu 000 0 eng d
035 _a(BD-RjUL)85043
040 _aBD-RjUL
_beng
_cBD-RjUL
_dBD-RjUL
041 _aeng
082 0 4 _a824.3
_223
_bBAE 1963
100 1 _aBacon, Francis,
_d1561-1626.
_9187564
245 1 4 _a essays civil and moral, /
_cFrancis Bacon
260 _aMount Vernon ;
_a New York :
_bPeter Pauper Press,
_c[1963 ?]
300 _a492 p. ;
_c26 cm.
600 _aBacon, Francis,
_d1561-1626
_915718
650 _aEssays
_9188636
942 _2ddc
_cBK
999 _c85043
_d85043